Statistics for Dutch Eredivisie Champions

Click here to take the quiz!

General Stats

  • This quiz has been taken 5,127 times
  • The average score is 5 of 8

Answer Stats

WinsTeam% Correct
23AFC Ajax
100%
18PSV Eindhoven
99%
9Feyenoord Rotterdam
95%
1FC Twente
76%
2AZ Alkmaar
65%
1FC Utrecht
54%
1Sparta Rotterdam
48%
1AFC Door Wilskracht Sterk
9%

Score Distribution

Percentile by Number Answered

Percent of People with Each Score

Your Score History

You have not taken this quiz